| 000 | 00766nam a22002297a 4500 | ||
|---|---|---|---|
| 001 | 57761 | ||
| 005 | 20260415105658.0 | ||
| 008 | 260413s2023 |||||||| |||| 00| 0 eng d | ||
| 020 | _a9789819925780 | ||
| 040 |
_aBD-DhIUB _cBD-DhIUB _dBD-DhIUB |
||
| 082 |
_222 _a342.5492 _bC7651 |
||
| 245 |
_aThe Constitutional law of Bangladesh: _bprogression and transformation at its 50th anniversary/ _cedited by M Rafiqul Islam, Muhammad Ekramul Haque. |
||
| 260 |
_aSingapore: _bSpringer Nature Singapore Ltd. _c2023 |
||
| 300 |
_axxx;.424p _c24cm |
||
| 526 |
_aSL _blaw _lLaw |
||
| 541 | _aRisaam | ||
| 650 | 0 |
_aConstitutional law _96786 |
|
| 651 | 4 |
_aBangladesh _9374 |
|
| 700 |
_aIslam, M. Rafiqul _94879 |
||
| 700 |
_aHaque, Muhammad Ekramul _96602 |
||
| 942 |
_2ddc _cBK |
||
| 999 |
_c57761 _d57935 |
||